000 00600cam a22001932 4500
001 0000004993
005 20151217155826.0
008 070604s xx 000 0 eng d
040 _aKABU
_cKABU
050 0 _aT58.5
_b.S77
110 2 _aStrathmore University.
_bDistance Learning Centre.
_@0000150769
245 1 0 _aIntroduction to information technology :
_bSubject no. 10 revision kit.
260 _aNairobi :
_bS. U. P,
_c2006.
300 _a227 p.
650 0 _aInformation technology.
_@0000150287
908 _a070604
950 _@1
999 _c12946
_d12946